000 00380nam a22001457a 4500
005 20251108164907.0
008 250721s1991 xx 000 0 ara d
082 1 4 _a646.4/إيت
245 1 0 _a12 درساً تعلمك الخياطة /
264 1 _aبيروت :
_bدار القبس،
_c1991.
300 _a88ص
650 1 7 _aالخياطة
942 _2ddc
_cBK
999 _c16863
_d16863